Statystyki dla Nazwy planet

Kliknij tutaj aby rozwiązać quiz!

Ogólne statystyki

  • Ten quiz został rozwiązany 16,036 razy
  • Średni wynik to 7 z 8

Statystyki odpowiedzi

Answer % Correct
3Ziemia
99%
4Mars
99%
6Saturn
96%
5Jowisz
95%
8Neptun
94%
2Wenus
90%
1Merkury
88%
7Uran
88%

Rozkład punktacji

Percentyl według liczby udzielonych odpowiedzi

Procent ludzi z każdym wynikiem

Twoja historia wyników

Nie rozwiązałeś tego quizu